<?xml version="1.0" encoding="UTF-8"?><?xml-stylesheet type="text/xsl" href="static/style.xsl"?><OAI-PMH xmlns="http://www.openarchives.org/OAI/2.0/" xmlns:xsi="http://www.w3.org/2001/XMLSchema-instance" xsi:schemaLocation="http://www.openarchives.org/OAI/2.0/ http://www.openarchives.org/OAI/2.0/OAI-PMH.xsd"><responseDate>2026-04-17T03:01:21Z</responseDate><request verb="GetRecord" identifier="oai:www.recercat.cat:2072/464531" metadataPrefix="marc">https://recercat.cat/oai/request</request><GetRecord><record><header><identifier>oai:recercat.cat:2072/464531</identifier><datestamp>2025-07-29T21:10:08Z</datestamp><setSpec>com_2072_98</setSpec><setSpec>col_2072_378192</setSpec></header><metadata><record xmlns="http://www.loc.gov/MARC21/slim" xmlns:dcterms="http://purl.org/dc/terms/" xmlns:xsi="http://www.w3.org/2001/XMLSchema-instance" xmlns:doc="http://www.lyncode.com/xoai" xsi:schemaLocation="http://www.loc.gov/MARC21/slim http://www.loc.gov/standards/marcxml/schema/MARC21slim.xsd">
   <leader>00925njm 22002777a 4500</leader>
   <datafield ind2=" " ind1=" " tag="042">
      <subfield code="a">dc</subfield>
   </datafield>
   <datafield ind2=" " ind1=" " tag="720">
      <subfield code="a">Castro Vázquez, Ana Laura</subfield>
      <subfield code="e">author</subfield>
   </datafield>
   <datafield ind2=" " ind1=" " tag="720">
      <subfield code="a">Osuna Osuna, Gabriel</subfield>
      <subfield code="e">author</subfield>
   </datafield>
   <datafield ind2=" " ind1=" " tag="260">
      <subfield code="c">2022</subfield>
   </datafield>
   <datafield ind2=" " ind1=" " tag="520">
      <subfield code="a">El objetivo del presente artículo es analizar las formas discursivas que atraviesan las fronteras de los géneros literarios y periodísticos para forjar nuevas narrativas sobre la violencia machista y sus efectos. En Chicas muertas de Selva Almada el cruce entre géneros surge como un recurso eficiente que contribuye en la humanización de las víctimas de feminicidio. Mediante una narradora que vive de cerca el sufrimiento de quienes padecen la violencia contra las mujeres y buscan dar voz y visibilidad a los casos, sus descripciones se empeñan en la configuración de personajes con un rostro, un nombre y una historia.</subfield>
   </datafield>
   <datafield ind2=" " ind1=" " tag="520">
      <subfield code="a">L'objectiu del present article és analitzar les formes discursives que travessen les fronteres dels gèneres literaris i periodístics per a forjar noves narratives sobre la violència masclista i els seus efectes. En Chicas muertas de Selva Almada l'encreuament entre gèneres sorgeix com un recurs eficient que contribueix a la humanització de les víctimes de feminicidi. Mitjançant una narradora que viu de prop el sofriment dels qui pateixen la violència contra les dones i busquen donar veu i visibilitat als casos, les seves descripcions s'obstinen en la configuració de personatges amb un rostre, un nom i una història.</subfield>
   </datafield>
   <datafield ind2=" " ind1=" " tag="520">
      <subfield code="a">The objective of this article is to analyze the discursive forms that cross the borders of literary and journalistic genres to create new narratives about sexist violence and its effects. In Selva Almada's Chicas muertas, the crossover between genres emerges as an efficient resource that contributes to the humanization of victims of femicide. Through a narrator who lives closely the suffering of those who suffer violence against women and seeks to give voice and visibility to their cases, her descriptions insist on the configuration of characters with a face, a name and a story.</subfield>
   </datafield>
   <datafield tag="653" ind2=" " ind1=" ">
      <subfield code="a">Violence</subfield>
   </datafield>
   <datafield tag="653" ind2=" " ind1=" ">
      <subfield code="a">Women's writing</subfield>
   </datafield>
   <datafield tag="653" ind2=" " ind1=" ">
      <subfield code="a">Feminicides</subfield>
   </datafield>
   <datafield tag="653" ind2=" " ind1=" ">
      <subfield code="a">Genres &amp; representation</subfield>
   </datafield>
   <datafield tag="653" ind2=" " ind1=" ">
      <subfield code="a">Borders in literature</subfield>
   </datafield>
   <datafield tag="653" ind2=" " ind1=" ">
      <subfield code="a">Violencia</subfield>
   </datafield>
   <datafield tag="653" ind2=" " ind1=" ">
      <subfield code="a">Escritura de mujeres</subfield>
   </datafield>
   <datafield tag="653" ind2=" " ind1=" ">
      <subfield code="a">Feminicidios</subfield>
   </datafield>
   <datafield tag="653" ind2=" " ind1=" ">
      <subfield code="a">Géneros y representación</subfield>
   </datafield>
   <datafield tag="653" ind2=" " ind1=" ">
      <subfield code="a">Fronteras en la literatura</subfield>
   </datafield>
   <datafield tag="653" ind2=" " ind1=" ">
      <subfield code="a">Violència</subfield>
   </datafield>
   <datafield tag="653" ind2=" " ind1=" ">
      <subfield code="a">Escriptura de dones</subfield>
   </datafield>
   <datafield tag="653" ind2=" " ind1=" ">
      <subfield code="a">Feminicidis</subfield>
   </datafield>
   <datafield tag="653" ind2=" " ind1=" ">
      <subfield code="a">Gèneres i representació</subfield>
   </datafield>
   <datafield tag="653" ind2=" " ind1=" ">
      <subfield code="a">Fronteres en la literatura</subfield>
   </datafield>
   <datafield ind2="0" ind1="0" tag="245">
      <subfield code="a">La autoficción entre los géneros literarios y periodísticos : representación de la violencia en Chicas muertas de Selva Almada</subfield>
   </datafield>
</record></metadata></record></GetRecord></OAI-PMH>